Statistics for Pink Floyd Random Knowledge Trivia (Difficult)

Click here to take the quiz!

General Stats

  • This quiz has been taken 148 times
  • The average score is 6 of 16

Answer Stats

HintAnswer% Correct
Male drummerNick Mason
96%
Syd's real nameRoger
64%
Who would you say 'Not Now' too?John
61%
Female singerClare Torry
59%
Antonym: Electron Brain DadAtom Heart Mother
49%
Organ on Meddle coverEar
43%
Our star is fat and ___?Old
43%
Water's would have been an ________, if there was no FloydArchitect
41%
Live concert where nobody showed upPompeii
40%
Wright's solo album ending in 'Dream'?Wet Dream
33%
'The Wall' visual artistGerald Scarfe
30%
Pink's actor in the filmBob Geldoff
23%
Gilmour's Dessert Island BookQuran
6%
Trump's favourite lyric?Mother should I build the wall
4%
For this quiz, you had to think outside of the _____.Prism
4%
Queen's favourite song?The Show Must Go On
4%

Score Distribution

Percentile by Number Answered

Percent of People with Each Score

Your Score History

You have not taken this quiz